000 00973nam a2200253Ia 4500
003 OSt
005 20220923224726.0
006 a|||||r|||| 00| 0
007 ta
008 220922b |||||||| |||| 00| 0 hin d
024 _a249,235
037 _cTextual
040 _aARTS
_cARTS
_bhin
041 _2hin
_ahin
082 _aY:351, 152L2
100 _aभानावत, महेन्द्र; सामर, देवीलाल, अनु.
_9168203
245 0 _aलोकनाट्य परम्परा और प्रवृतियां
246 _aLokanāṭya paramparā aur pravṛutiyāan
260 _aजयपुर
_b बाफना प्रकाशन
_c1972
300 _a346पृ.
_ccm.
650 _aभारतीय-लोक साहित्य
942 _hY:351, 152L2
_cTEXL
_2CC
999 _c373205
_d373205